header

The presentation and settlement of contractors' claims (Record no. 31423)

MARC details
000 -LEADER
fixed length control field 01257nam a2200337Ia 4500
082 04 - DEWEY DECIMAL CLASSIFICATION NUMBER
Classification number 343.41/078624
100 1# - MAIN ENTRY--AUTHOR NAME
Personal name Trickey, Geoffrey.
245 14 - TITLE STATEMENT
Title The presentation and settlement of contractors' claims
250 ## - EDITION STATEMENT
Edition statement 2nd ed.
260 ## - PUBLICATION, DISTRIBUTION, ETC. (IMPRINT)
Place of publication London ;
-- New York :
Name of publisher Spon Press,
Year of publication c2001.
300 ## - PHYSICAL DESCRIPTION
Number of Pages xix, 485 p. :
Other physical details ill.
500 ## - GENERAL NOTE
General note Includes index.
650 #0 - SUBJECT ADDED ENTRY--TOPICAL TERM
Topical Term Construction contracts
Topical Term Contracts for work and labor.
700 1# - ADDED ENTRY--PERSONAL NAME
Personal name Hackett, Mark,
856 40 - ELECTRONIC LOCATION AND ACCESS
Uniform Resource Identifier http://site.ebrary.com/lib/rucke/Doc?id=10070660

No items available.

© 2026 Rongo University
Contact us: librarian | system librarian | Rongo university